Φορτώνει......
Colonial and postcolonial literarure
| Κύριος συγγραφέας: | |
|---|---|
| Μορφή: | Printed Book |
| Γλώσσα: | English |
| Έκδοση: |
New York
O.U.P
2005
|
| Έκδοση: | 2nd |
| LEADER | 00472nam a2200145 4500 | ||
|---|---|---|---|
| 008 | 151008b xxu||||| |||| 00| 0 eng d | ||
| 082 | |a 809 BOE/C | ||
| 100 | |a Boehmer,Elleke | ||
| 245 | |a Colonial and postcolonial literarure | ||
| 250 | |a 2nd | ||
| 260 | |a New York |b O.U.P |c 2005 | ||
| 300 | |a 351p. | ||
| 942 | |2 ddc |c BK | ||
| 999 | |c 259489 |d 259489 | ||
| 952 | |0 0 |1 0 |4 0 |6 809_000000000000000_BOE_C |7 0 |9 288891 |a RUS |b RUS |c ST1 |d 2015-10-08 |i 9162 |l 0 |o 809 BOE/C |p RUS9162 |r 2015-10-08 |w 2015-10-08 |y BK | ||